| 000 -LEADER |
| fixed length control field |
04996 a2200625 4500 |
| 003 - CONTROL NUMBER IDENTIFIER |
| control field |
Nust |
| 005 - DATE AND TIME OF LATEST TRANSACTION |
| control field |
20170207164715.0 |
| 035 ## - SYSTEM CONTROL NUMBER |
| System control number |
(CaPaEBR)ebr10233891 |
| 035 ## - SYSTEM CONTROL NUMBER |
| System control number |
(EBZ)ebs575515e |
| 035 ## - SYSTEM CONTROL NUMBER |
| System control number |
(EBZ)ebs575515e |
| 035 ## - SYSTEM CONTROL NUMBER |
| System control number |
(EBZ)ebs575515e |
| 035 ## - SYSTEM CONTROL NUMBER |
| System control number |
(EBZ)ebs575515e |
| 035 ## - SYSTEM CONTROL NUMBER |
| System control number |
(WaSeSS)ssj0000236742 |
| 035 ## - SYSTEM CONTROL NUMBER |
| System control number |
(WaSeSS)ssj0000236742 |
| 035 ## - SYSTEM CONTROL NUMBER |
| System control number |
(WaSeSS)ssj0000236742 |
| 035 ## - SYSTEM CONTROL NUMBER |
| System control number |
(WaSeSS)ssj0000236742 |
| 035 ## - SYSTEM CONTROL NUMBER |
| System control number |
(WaSeSS)ssj0000236742 |
| 035 ## - SYSTEM CONTROL NUMBER |
| System control number |
(WaSeSS)ssj0000236742 |
| 035 ## - SYSTEM CONTROL NUMBER |
| System control number |
(WaSeSS)ssj0000236742 |
| 035 ## - SYSTEM CONTROL NUMBER |
| System control number |
(WaSeSS)ssj0000236742 |
| 040 ## - CATALOGING SOURCE |
| Transcribing agency |
Nust |
| 082 04 - DEWEY DECIMAL CLASSIFICATION NUMBER |
| Classification number |
174/.4 |
| 100 1# - MAIN ENTRY--PERSONAL NAME |
| Personal name |
Arbogast, Stephen V., |
| 245 10 - TITLE STATEMENT |
| Title |
Resisting corporate corruption (E BOOK) |
| Medium |
[Elektronisk resurs] |
| Remainder of title |
lessons in practical ethics from the Enron wreckage / |
| Statement of responsibility, etc. |
Steven V. Arbogast. |
| 260 ## - PUBLICATION, DISTRIBUTION, ETC. |
| Place of publication, distribution, etc. |
Salem, MA : |
| Name of publisher, distributor, etc. |
M & M Scrivener Press, |
| Date of publication, distribution, etc. |
c2008. |
| 300 ## - PHYSICAL DESCRIPTION |
| Extent |
xv, 264 p. : |
| Other physical details |
ill. ; |
| Dimensions |
24 cm. |
| 440 #0 - SERIES STATEMENT/ADDED ENTRY--TITLE |
| Title |
Conflicts and trends in business ethics |
| 500 ## - GENERAL NOTE |
| General note |
E BOOK |
| 610 20 - SUBJECT ADDED ENTRY--CORPORATE NAME |
| Corporate name or jurisdiction name as entry element |
Enron Corp. |
| General subdivision |
Corrupt practices |
| 650 #0 - SUBJECT ADDED ENTRY--TOPICAL TERM |
| Topical term or geographic name entry element |
Business ethics. |
| 650 #0 - SUBJECT ADDED ENTRY--TOPICAL TERM |
| Topical term or geographic name entry element |
Industrial management |
| General subdivision |
Moral and ethical aspects. |
| 655 #7 - INDEX TERM--GENRE/FORM |
| Genre/form data or focus term |
Electronic books. |
| 710 2# - ADDED ENTRY--CORPORATE NAME |
| Corporate name or jurisdiction name as entry element |
ebrary, Inc. |
| 856 40 - ELECTRONIC LOCATION AND ACCESS |
| Uniform Resource Identifier |
<a href="http://costello.pub.hb.se/login?url=http://site.ebrary.com/lib/boras/Top?id=10233891">http://costello.pub.hb.se/login?url=http://site.ebrary.com/lib/boras/Top?id=10233891</a> |
| 856 40 - ELECTRONIC LOCATION AND ACCESS |
| Uniform Resource Identifier |
<a href="http://db.ub.oru.se/login?url=http://site.ebrary.com/lib/universitetsbiblioteket/Top?id=10233891">http://db.ub.oru.se/login?url=http://site.ebrary.com/lib/universitetsbiblioteket/Top?id=10233891</a> |
| 856 40 - ELECTRONIC LOCATION AND ACCESS |
| Uniform Resource Identifier |
<a href="http://ezproxy.bib.hh.se/login?url=http://site.ebrary.com/lib/halmstad/Top?id=10233891">http://ezproxy.bib.hh.se/login?url=http://site.ebrary.com/lib/halmstad/Top?id=10233891</a> |
| 856 40 - ELECTRONIC LOCATION AND ACCESS |
| Uniform Resource Identifier |
<a href="http://ezproxy.its.uu.se/login?url=http://site.ebrary.com/lib/uppsala/Top?id=10233891">http://ezproxy.its.uu.se/login?url=http://site.ebrary.com/lib/uppsala/Top?id=10233891</a> |
| 856 40 - ELECTRONIC LOCATION AND ACCESS |
| Uniform Resource Identifier |
<a href="http://link.libris.kb.se/sfxhv?url_ver=Z39.88-2004&ctx_ver=Z39.88-2004&ctx_enc=info:ofi/enc:UTF-8&rfr_id=info:sid/sfxit.com:opac_856&url_ctx_fmt=info:ofi/fmt:kev:mtx:ctx&sfx.ignore_date_threshold=1&rft.object_id=1000000000712808&svc_val_fmt=info:ofi/fmt:kev:mtx:sch_svc&">http://link.libris.kb.se/sfxhv?url_ver=Z39.88-2004&ctx_ver=Z39.88-2004&ctx_enc=info:ofi/enc:UTF-8&rfr_id=info:sid/sfxit.com:opac_856&url_ctx_fmt=info:ofi/fmt:kev:mtx:ctx&sfx.ignore_date_threshold=1&rft.object_id=1000000000712808&svc_val_fmt=info:ofi/fmt:kev:mtx:sch_svc&</a> |
| 856 40 - ELECTRONIC LOCATION AND ACCESS |
| Uniform Resource Identifier |
<a href="http://link.libris.kb.se/sfxprv?url_ver=Z39.88-2004&ctx_ver=Z39.88-2004&ctx_enc=info:ofi/enc:UTF-8&rfr_id=info:sid/sfxit.com:opac_856&url_ctx_fmt=info:ofi/fmt:kev:mtx:ctx&sfx.ignore_date_threshold=1&rft.object_id=1000000000712808&svc_val_fmt=info:ofi/fmt:kev:mtx:sch_svc&">http://link.libris.kb.se/sfxprv?url_ver=Z39.88-2004&ctx_ver=Z39.88-2004&ctx_enc=info:ofi/enc:UTF-8&rfr_id=info:sid/sfxit.com:opac_856&url_ctx_fmt=info:ofi/fmt:kev:mtx:ctx&sfx.ignore_date_threshold=1&rft.object_id=1000000000712808&svc_val_fmt=info:ofi/fmt:kev:mtx:sch_svc&</a> |
| 856 40 - ELECTRONIC LOCATION AND ACCESS |
| Uniform Resource Identifier |
<a href="http://link.libris.kb.se/sfxrb?url_ver=Z39.88-2004&ctx_ver=Z39.88-2004&ctx_enc=info:ofi/enc:UTF-8&rfr_id=info:sid/sfxit.com:opac_856&url_ctx_fmt=info:ofi/fmt:kev:mtx:ctx&sfx.ignore_date_threshold=1&rft.object_id=1000000000712808&svc_val_fmt=info:ofi/fmt:kev:mtx:sch_svc&">http://link.libris.kb.se/sfxrb?url_ver=Z39.88-2004&ctx_ver=Z39.88-2004&ctx_enc=info:ofi/enc:UTF-8&rfr_id=info:sid/sfxit.com:opac_856&url_ctx_fmt=info:ofi/fmt:kev:mtx:ctx&sfx.ignore_date_threshold=1&rft.object_id=1000000000712808&svc_val_fmt=info:ofi/fmt:kev:mtx:sch_svc&</a> |
| 856 40 - ELECTRONIC LOCATION AND ACCESS |
| Uniform Resource Identifier |
<a href="http://link.sub.su.se/sfxsub?url_ver=Z39.88-2004&ctx_ver=Z39.88-2004&ctx_enc=info:ofi/enc:UTF-8&rfr_id=info:sid/sfxit.com:opac_856&url_ctx_fmt=info:ofi/fmt:kev:mtx:ctx&sfx.ignore_date_threshold=1&rft.object_id=1000000000712808&svc_val_fmt=info:ofi/fmt:kev:mtx:sch_svc&">http://link.sub.su.se/sfxsub?url_ver=Z39.88-2004&ctx_ver=Z39.88-2004&ctx_enc=info:ofi/enc:UTF-8&rfr_id=info:sid/sfxit.com:opac_856&url_ctx_fmt=info:ofi/fmt:kev:mtx:ctx&sfx.ignore_date_threshold=1&rft.object_id=1000000000712808&svc_val_fmt=info:ofi/fmt:kev:mtx:sch_svc&</a> |
| 856 40 - ELECTRONIC LOCATION AND ACCESS |
| Uniform Resource Identifier |
<a href="http://miman.bib.bth.se/login?url=http://site.ebrary.com/lib/bthbib/Top?id=10233891">http://miman.bib.bth.se/login?url=http://site.ebrary.com/lib/bthbib/Top?id=10233891</a> |
| 856 40 - ELECTRONIC LOCATION AND ACCESS |
| Uniform Resource Identifier |
<a href="http://proxy.lib.chalmers.se/login?url=http://site.ebrary.com/lib/chalmers/Top?id=10233891">http://proxy.lib.chalmers.se/login?url=http://site.ebrary.com/lib/chalmers/Top?id=10233891</a> |
| 856 40 - ELECTRONIC LOCATION AND ACCESS |
| Uniform Resource Identifier |
<a href="http://proxy.lib.ltu.se/login?url=http://site.ebrary.com/lib/lulea/Top?channelName=lulea&cpage=1&docID=10233891">http://proxy.lib.ltu.se/login?url=http://site.ebrary.com/lib/lulea/Top?channelName=lulea&cpage=1&docID=10233891</a> |
| 856 40 - ELECTRONIC LOCATION AND ACCESS |
| Uniform Resource Identifier |
<a href="http://sfxeu10.hosted.exlibrisgroup.com/sfxkth?url_ver=Z39.88-2004&ctx_ver=Z39.88-2004&ctx_enc=info:ofi/enc:UTF-8&rfr_id=info:sid/sfxit.com:opac_856&url_ctx_fmt=info:ofi/fmt:kev:mtx:ctx&sfx.ignore_date_threshold=1&rft.object_id=1000000000712808&svc_val_fmt=info:ofi/fmt:kev:mtx:sch_svc&">http://sfxeu10.hosted.exlibrisgroup.com/sfxkth?url_ver=Z39.88-2004&ctx_ver=Z39.88-2004&ctx_enc=info:ofi/enc:UTF-8&rfr_id=info:sid/sfxit.com:opac_856&url_ctx_fmt=info:ofi/fmt:kev:mtx:ctx&sfx.ignore_date_threshold=1&rft.object_id=1000000000712808&svc_val_fmt=info:ofi/fmt:kev:mtx:sch_svc&</a> |
| 856 40 - ELECTRONIC LOCATION AND ACCESS |
| Uniform Resource Identifier |
<a href="http://sfxeu11.hosted.exlibrisgroup.com/mah?url_ver=Z39.88-2004&ctx_ver=Z39.88-2004&ctx_enc=info:ofi/enc:UTF-8&rfr_id=info:sid/sfxit.com:opac_856&url_ctx_fmt=info:ofi/fmt:kev:mtx:ctx&sfx.ignore_date_threshold=1&rft.object_id=1000000000712808&svc_val_fmt=info:ofi/fmt:kev:mtx:sch_svc&">http://sfxeu11.hosted.exlibrisgroup.com/mah?url_ver=Z39.88-2004&ctx_ver=Z39.88-2004&ctx_enc=info:ofi/enc:UTF-8&rfr_id=info:sid/sfxit.com:opac_856&url_ctx_fmt=info:ofi/fmt:kev:mtx:ctx&sfx.ignore_date_threshold=1&rft.object_id=1000000000712808&svc_val_fmt=info:ofi/fmt:kev:mtx:sch_svc&</a> |
| 856 40 - ELECTRONIC LOCATION AND ACCESS |
| Uniform Resource Identifier |
<a href="http://sfxeu11.hosted.exlibrisgroup.com/sfxslub?url_ver=Z39.88-2004&ctx_ver=Z39.88-2004&ctx_enc=info:ofi/enc:UTF-8&rfr_id=info:sid/sfxit.com:opac_856&url_ctx_fmt=info:ofi/fmt:kev:mtx:ctx&sfx.ignore_date_threshold=1&rft.object_id=1000000000712808&svc_val_fmt=info:ofi/fmt:kev:mtx:sch_svc&">http://sfxeu11.hosted.exlibrisgroup.com/sfxslub?url_ver=Z39.88-2004&ctx_ver=Z39.88-2004&ctx_enc=info:ofi/enc:UTF-8&rfr_id=info:sid/sfxit.com:opac_856&url_ctx_fmt=info:ofi/fmt:kev:mtx:ctx&sfx.ignore_date_threshold=1&rft.object_id=1000000000712808&svc_val_fmt=info:ofi/fmt:kev:mtx:sch_svc&</a> |
| 856 40 - ELECTRONIC LOCATION AND ACCESS |
| Uniform Resource Identifier |
<a href="http://sfxeu11.hosted.exlibrisgroup.com/sfxumub?url_ver=Z39.88-2004&ctx_ver=Z39.88-2004&ctx_enc=info:ofi/enc:UTF-8&rfr_id=info:sid/sfxit.com:opac_856&url_ctx_fmt=info:ofi/fmt:kev:mtx:ctx&sfx.ignore_date_threshold=1&rft.object_id=1000000000712808&svc_val_fmt=info:ofi/fmt:kev:mtx:sch_svc&">http://sfxeu11.hosted.exlibrisgroup.com/sfxumub?url_ver=Z39.88-2004&ctx_ver=Z39.88-2004&ctx_enc=info:ofi/enc:UTF-8&rfr_id=info:sid/sfxit.com:opac_856&url_ctx_fmt=info:ofi/fmt:kev:mtx:ctx&sfx.ignore_date_threshold=1&rft.object_id=1000000000712808&svc_val_fmt=info:ofi/fmt:kev:mtx:sch_svc&</a> |
| 856 40 - ELECTRONIC LOCATION AND ACCESS |
| Uniform Resource Identifier |
<a href="http://site.ebrary.com/lib/hhss/Top?channelName=hhss&cpage=1&docID=10233891">http://site.ebrary.com/lib/hhss/Top?channelName=hhss&cpage=1&docID=10233891</a> |
| 856 40 - ELECTRONIC LOCATION AND ACCESS |
| Uniform Resource Identifier |
<a href="http://www.du.se/proxy.aspx?url=http://site.ebrary.com/lib/dalarna/Top?id=10233891">http://www.du.se/proxy.aspx?url=http://site.ebrary.com/lib/dalarna/Top?id=10233891</a> |
| 856 40 - ELECTRONIC LOCATION AND ACCESS |
| Uniform Resource Identifier |
<a href="https://ezproxy.bibl.hkr.se/login?url=http://site.ebrary.com/lib/kristianstad/Top?id=10233891">https://ezproxy.bibl.hkr.se/login?url=http://site.ebrary.com/lib/kristianstad/Top?id=10233891</a> |
| 856 40 - ELECTRONIC LOCATION AND ACCESS |
| Uniform Resource Identifier |
<a href="https://libraryproxy.his.se/login?url=http://site.ebrary.com/lib/hiskovde/Doc?id=10233891">https://libraryproxy.his.se/login?url=http://site.ebrary.com/lib/hiskovde/Doc?id=10233891</a> |
| 856 40 - ELECTRONIC LOCATION AND ACCESS |
| Uniform Resource Identifier |
<a href="https://login.bibproxy.kau.se:8443/login?url=http://site.ebrary.com/lib/kaubib/Top?channelName=kaubib&cpage=1&docID=10233891">https://login.bibproxy.kau.se:8443/login?url=http://site.ebrary.com/lib/kaubib/Top?channelName=kaubib&cpage=1&docID=10233891</a> |
| 856 40 - ELECTRONIC LOCATION AND ACCESS |
| Uniform Resource Identifier |
<a href="https://lt.ltag.bibl.liu.se/login?url=http://site.ebrary.com/lib/linkoping/Top?channelName=linkoping&cpage=1&docID=10233891">https://lt.ltag.bibl.liu.se/login?url=http://site.ebrary.com/lib/linkoping/Top?channelName=linkoping&cpage=1&docID=10233891</a> |
| 942 ## - ADDED ENTRY ELEMENTS (KOHA) |
| Source of classification or shelving scheme |
|
| Koha item type |
Book |